| 000 | 00637nam a2200157 a 4500 | ||
|---|---|---|---|
| 008 | 130426s2001 ||||||||||||||||| || u | ||
| 020 | _a1862011168 | ||
| 050 | _aHD 58.7 Cla | ||
| 100 | _aClark, Alan | ||
| 245 | 1 | 0 |
_aLearning organisations: what they are and how to become one _cby Alan Clark |
| 260 |
_aLeicester: _bThe National Organisation for Adult Learning (NIACE) _c2001 |
||
| 300 | _a50p.: ill. | ||
| 650 | _aORGANIZATIONAL BEAVIOUR | ||
| 650 | _aORGANIZATIONAL LEARNING | ||
| 995 |
_FCBU-MAIN LIBRARY (Kitwe) _M1 _UAVAILABLE _WJun 21, 2013 _ZMain Library Open Access Collection |
||
| 999 |
_c49022 _d49022 |
||